Cristóbal Colón (Record no. 45327)

MARC details
000 -LEADER
campo de control de longitud fija 00835nam a2200217 i 4500
001 - NÚMERO DE CONTROL
campo de control 45327
003 - IDENTIFICADOR DE NÚMERO DE CONTROL
campo de control ES-MaACL
005 - FECHA Y HORA DE LA ÚLTIMA TRANSACCIÓN
campo de control 20250522202951.0
007 - CAMPO FIJO DE DESCRIPCIÓN FÍSICA--INFORMACIÓN GENERAL
campo de control de longitud fija t|
008 - DATOS DE LONGITUD FIJA--INFORMACIÓN GENERAL
campo de control de longitud fija 030325s1932 it ||||1| spa d
245 00 - MENCIÓN DEL TÍTULO
Título Cristóbal Colón
Resto del título : documentos y pruebas de su origen genovés /
Mención de responsabilidad, etc. [Traducido en español por Juan Ramón Masoliver. Giuseppe Cappelli, Luigi Ziliani].
250 ## - MENCION DE EDICION
Mención de edición Ed. hispano-francesa.
260 ## - PUBLICACIÓN, DISTRIBUCIÓN, ETC.
Lugar de publicación, distribución, etc. [Bérgamo :
Nombre del editor, distribuidor, etc. Officina dell'Istituto d'arti grafiche],
Fecha de publicación, distribución, etc. 1932.
300 ## - DESCRIPCIÓN FÍSICA
Extensión XXIII, 288 p., 2 h. con 177 lám. sepia, 3 color ;
Dimensiones 40 cm.
500 ## - NOTA GENERAL
Nota general Texto bilingüe frances y español.
600 14 - PUNTO DE ACCESO ADICIONAL DE MATERIA--NOMBRE DE PERSONA
Nombre de persona Colón, Cristóbal-
Subdivisión general Lugar de nacimiento.
9 (RLIN) 164774
700 1# - ENTRADA AGREGADA--NOMBRE PERSONAL
Nombre de persona Masoliver, Juan Ramón,
Fechas asociadas al nombre 1910-1997
9 (RLIN) 78748
700 1# - ENTRADA AGREGADA--NOMBRE PERSONAL
Nombre de persona Ziliani, Luigi.
9 (RLIN) 170134
852 ## - LOCALIZACIÓN
Ubicación ES-MaACL
Número de control de estantería F-14883
Holdings
Estatus retirado Estado de pérdida Estado de daño No para préstamo Biblioteca de origen Biblioteca actual Ubicación en estantería Fecha de adquisición Fuente de adquisición Total de préstamos Signatura topográfica completa Código de barras Visto por última vez Precio de reemplazo Tipo de ítem Koha
        Biblioteca del Ateneo de Madrid Biblioteca del Ateneo de Madrid Sala Pecera Planta 2 17/01/2008     F-14883 1047694 23/02/2023 23/02/2023 Libro impreso